[Event "2MCR_3DE_2LB_3S"]
[Site "?"]
[Date "2007.??.??"]
[Round "?"]
[White "Hrdy, Tomas"]
[Black "Tyrlik, Jaroslav"]
[Result "1-0"]
[WhiteElo "1600"]
[BlackElo "2101"]
[PlyCount "75"]
[EventDate "2007.??.??"]
[EventType "corr"]
[EventRounds "2"]
[SourceDate "2007.01.28"]

1. e4 e5 2. Nf3 Nf6 3. Nxe5 d6 4. Nf3 Nxe4 5. d4 Be7 6. Bd3 Nf6 7. h3 O-O 8.
O-O Re8 9. Re1 Nbd7 10. c4 d5 11. c5 Nf8 12. Bf4 Ne6 13. Bh2 b6 14. c6 Bd6 15.
Be5 Bxe5 16. dxe5 Ne4 17. Nc3 Nxc3 18. bxc3 Nc5 19. Qc2 Nxd3 20. Qxd3 Be6 21.
Rad1 Qe7 22. Nd4 Qh4 23. Qd2 Rad8 24. f4 Bc8 25. f5 a6 26. Qf2 Qxf2+ 27. Kxf2
Kf8 28. g4 h6 29. Kf3 Kg8 30. Rd2 Kf8 31. Kf4 f6 32. e6 Rd6 33. h4 Ke7 34. g5
hxg5+ 35. hxg5 Rh8 36. gxf6+ gxf6 37. Rg2 Rdd8 38. Rg7+ 1-0

[Event "2MCR_3DE_2LB_2S"]
[Site "?"]
[Date "2007.??.??"]
[Round "?"]
[White "Vrkota, Milos"]
[Black "Paukert, Martin"]
[Result "1/2-1/2"]
[WhiteElo "2000"]
[BlackElo "2111"]
[PlyCount "54"]
[EventDate "2007.??.??"]
[EventType "corr"]
[EventRounds "2"]
[SourceDate "2007.01.28"]

1. e4 c5 2. Nc3 Nc6 3. f4 e6 4. Nf3 d5 5. Bb5 Nf6 6. e5 Nd7 7. Bxc6 bxc6 8. d3
Be7 9. O-O O-O 10. Re1 f6 11. exf6 Rxf6 12. Ne2 Bd6 13. Ng3 Nf8 14. Ne5 Ng6 15.
Qg4 Qa5 16. c3 Qc7 17. Nh5 Bxe5 18. fxe5 Rf5 19. Ng3 Rf7 20. d4 cxd4 21. cxd4
c5 22. Be3 cxd4 23. Bxd4 Rf4 24. Qd1 Ba6 25. Rc1 Qb7 26. Qd2 Raf8 27. h3 Bb5
1/2-1/2

[Event "2MCR_3DE_2LB_2S"]
[Site "?"]
[Date "2007.??.??"]
[Round "?"]
[White "Paukert, Martin"]
[Black "Vrkota, Milos"]
[Result "1/2-1/2"]
[WhiteElo "2111"]
[BlackElo "2000"]
[PlyCount "56"]
[EventDate "2007.??.??"]
[EventType "corr"]
[EventRounds "2"]
[SourceDate "2007.01.28"]

1. f4 e5 2. fxe5 d6 3. exd6 Bxd6 4. Nf3 g5 5. g3 g4 6. Nh4 Ne7 7. d4 Ng6 8.
Nxg6 hxg6 9. Qd3 Nc6 10. c3 Bf5 11. e4 Qe7 12. Bg2 O-O-O 13. Bf4 Bxf4 14. gxf4
Rh3 15. Qe2 Bxe4 16. Bxe4 f5 17. Nd2 Qh4+ 18. Qf2 g3 19. hxg3 Rxh1+ 20. Bxh1
Qxh1+ 21. Qf1 Re8+ 22. Kd1 Qh2 23. Qf3 Qg1+ 24. Nf1 Rh8 25. Rc1 Rh2 26. Rc2
Rxc2 27. Kxc2 Qxd4 28. Qe2 Qg1 1/2-1/2

[Event "2MCR_3DE_2LB_3S"]
[Site "?"]
[Date "2007.??.??"]
[Round "?"]
[White "Portych, Vaclav"]
[Black "Dojcinovic, Miroslav"]
[Result "1-0"]
[WhiteElo "2147"]
[BlackElo "1605"]
[PlyCount "101"]
[EventDate "2007.??.??"]
[EventType "corr"]
[EventRounds "2"]
[SourceDate "2007.01.28"]

1. c4 e5 2. Nc3 Nf6 3. g3 Nc6 4. Nf3 Bc5 5. Bg2 d6 6. O-O O-O 7. d3 h6 8. Bd2
Bb6 9. Na4 Re8 10. Nxb6 axb6 11. e4 Be6 12. h3 Qe7 13. a4 Qd7 14. Kh2 Nh7 15.
Nh4 g5 16. Nf3 f5 17. exf5 Bxf5 18. Bc3 Nf6 19. Re1 Qg7 20. d4 Ne4 21. dxe5
Nxc3 22. bxc3 dxe5 23. c5 e4 24. Nd4 Nxd4 25. cxd4 bxc5 26. dxc5 Qf7 27. a5 Ra6
28. f3 e3 29. Bf1 Raa8 30. Qc1 Qf6 31. Ra3 Bg6 32. Rexe3 Rxe3 33. Qxe3 Bf7 34.
Bg2 Bd5 35. Qd2 Bc6 36. f4 Rd8 37. Qa2+ Kf8 38. Bxc6 Qxc6 39. fxg5 hxg5 40. Re3
Qd5 41. Qf2+ Kg8 42. Re7 g4 43. c6 bxc6 44. a6 Qd2 45. Re2 Qh6 46. h4 Qf8 47.
Qe3 Ra8 48. Rf2 Re8 49. Rxf8+ Kxf8 50. Qxe8+ Kxe8 51. a7 1-0

[Event "2MCR_3DE_2LB_2S"]
[Site "?"]
[Date "2007.??.??"]
[Round "?"]
[White "Martinovsky, Vaclav"]
[Black "Vrkota, Milos"]
[Result "1-0"]
[WhiteElo "2200"]
[BlackElo "2000"]
[PlyCount "91"]
[EventDate "2007.??.??"]
[EventType "corr"]
[EventRounds "2"]
[SourceDate "2007.01.28"]

1. e4 c5 2. Nf3 d6 3. d4 cxd4 4. Nxd4 Nf6 5. Nc3 g6 6. Be3 Bg7 7. f3 O-O 8. Qd2
Nc6 9. O-O-O d5 10. exd5 Nxd5 11. Nxc6 bxc6 12. Nxd5 cxd5 13. Qxd5 Qc7 14. Qc5
Qb7 15. Qa3 Bf5 16. Ba6 Qc7 17. Qc5 Qb6 18. Qxb6 axb6 19. Bc4 Rfc8 20. g4 Bxc2
21. Kxc2 b5 22. Rd7 bxc4 23. Ra1 Kf8 24. Bd2 Ke8 25. Rb7 Rd8 26. a3 Rd3 27. Re1
e6 28. Re3 Rad8 29. Rxd3 cxd3+ 30. Kd1 Be5 31. h3 Rd7 32. Rb5 Bd4 33. g5 Kd8
34. Ba5+ Ke7 35. Kd2 Kd6 36. a4 Kc6 37. Rb8 f5 38. b4 Be5 39. Rb6+ Kd5 40. Kxd3
Bf4 41. Rb5+ Kd6 42. Kc4 Ra7 43. Rb8 e5 44. Kb5 Be3 45. Bd8 e4 46. fxe4 1-0

[Event "2MCR_3DE_2LB_1S"]
[Site "?"]
[Date "2007.??.??"]
[Round "?"]
[White "Vinklarek, Ondrej"]
[Black "Mateka, Petr"]
[Result "0-1"]
[WhiteElo "2000"]
[BlackElo "2275"]
[PlyCount "74"]
[EventDate "2007.??.??"]
[EventType "corr"]
[EventRounds "2"]
[SourceDate "2007.01.28"]

1. d4 Nf6 2. c4 e6 3. Nc3 Bb4 4. e3 O-O 5. Bd3 c5 6. Nf3 d5 7. O-O Nc6 8. a3
Bxc3 9. bxc3 Qc7 10. cxd5 exd5 11. a4 Re8 12. Ba3 c4 13. Bc2 Ne4 14. Bxe4 Rxe4
15. Nd2 Re6 16. Re1 Rh6 17. g3 f5 18. Rb1 Be6 19. Nf3 Bf7 20. Qc2 Qd7 21. Ne5
Nxe5 22. dxe5 Bh5 23. f4 Bf3 24. Rb5 Be4 25. Qb2 b6 26. Bd6 Rh3 27. Ra1 Re8 28.
a5 Qf7 29. axb6 Qg6 30. Qf2 axb6 31. Rb2 Qg4 32. Qf1 h5 33. Rg2 h4 34. gxh4
Bxg2 35. Qxg2 Qxg2+ 36. Kxg2 Rxe3 37. Ra3 d4 0-1

[Event "2MCR_3DE_2LB_1S"]
[Site "?"]
[Date "2007.??.??"]
[Round "?"]
[White "Pirhala, Ladislav"]
[Black "Motejzik, Jaroslav"]
[Result "1-0"]
[WhiteElo "2120"]
[BlackElo "2068"]
[PlyCount "77"]
[EventDate "2007.??.??"]
[EventType "corr"]
[EventRounds "2"]
[SourceDate "2007.01.28"]

1. e4 e6 2. d4 d5 3. Nc3 Nf6 4. Bg5 Be7 5. e5 Nfd7 6. Bxe7 Qxe7 7. f4 O-O 8.
Nf3 c5 9. Qd2 Nc6 10. dxc5 Qxc5 11. O-O-O Nb6 12. Bd3 Bd7 13. Kb1 Nb4 14. a3 a5
15. Be2 Nc6 16. Qd3 h6 17. h4 Ne7 18. Ng5 hxg5 19. hxg5 Ng6 20. Qh3 Rfc8 21.
Qh7+ Kf8 22. Bd3 Na4 23. Nxa4 Bxa4 24. Rc1 Qc7 25. g4 d4 26. Rhe1 Nxf4 27. Qh8+
Ke7 28. Qxg7 Nxd3 29. cxd3 Qd8 30. g6 Qg8 31. Qf6+ Ke8 32. g7 Bb5 33. Ka2 Bxd3
34. Rcd1 Bc4+ 35. Ka1 Bd5 36. Rxd4 Ra6 37. g5 Rac6 38. Kb1 Rc4 39. Rxd5 1-0

[Event "2MCR_3DE_2LB_1S"]
[Site "?"]
[Date "2007.??.??"]
[Round "?"]
[White "Struzka, Vlastimil"]
[Black "Motejzik, Jaroslav"]
[Result "1-0"]
[WhiteElo "2080"]
[BlackElo "2068"]
[PlyCount "55"]
[EventDate "2007.??.??"]
[EventType "corr"]
[EventRounds "2"]
[SourceDate "2007.01.28"]

1. d4 Nf6 2. c4 e6 3. Nc3 Bb4 4. Bg5 h6 5. Bh4 c5 6. e3 cxd4 7. exd4 d5 8. Bd3
Nc6 9. Nf3 dxc4 10. Bxc4 Bxc3+ 11. bxc3 Qa5 12. Rc1 b5 13. Bd3 Nd5 14. O-O Bd7
15. Bxb5 Qxb5 16. c4 Qa5 17. cxd5 Qxd5 18. Rc5 Qd6 19. Bg3 Qe7 20. Qc1 Nb4 21.
Ne5 Nd5 22. Nc4 Qg5 23. Nd6+ Kf8 24. f4 Qf6 25. Qd2 Ne7 26. Rc7 Be8 27. f5 Nxf5
28. d5 1-0

[Event "2MCR_3DE_2LB_3S"]
[Site "?"]
[Date "2007.??.??"]
[Round "?"]
[White "Tucek, Richard"]
[Black "Tyrlik, Jaroslav"]
[Result "0-1"]
[WhiteElo "1688"]
[BlackElo "2101"]
[PlyCount "98"]
[EventDate "2007.??.??"]
[EventType "corr"]
[EventRounds "2"]
[SourceDate "2007.01.28"]

1. b4 Nf6 2. Bb2 e6 3. a3 Be7 4. e3 O-O 5. c4 d6 6. Nf3 e5 7. d4 c5 8. dxe5
dxe5 9. bxc5 Qxd1+ 10. Kxd1 Ne4 11. Ke1 f6 12. Nc3 Nxc5 13. Nd5 Bd6 14. Be2
Nba6 15. Nd2 Bd7 16. f3 Rac8 17. Kf2 Rfd8 18. Rhc1 Nc7 19. Nxc7 Rxc7 20. Bc3 b6
21. Bb4 Be6 22. Bxc5 Bxc5 23. Ne4 f5 24. Nxc5 Rxc5 25. Rd1 Rdc8 26. Rd6 Bxc4
27. Bxc4+ Rxc4 28. Rd7 R8c7 29. Rad1 Kf8 30. Rxc7 Rxc7 31. Rd5 Rc5 32. Rd7 Ra5
33. Rd3 Ke7 34. h3 g5 35. g4 f4 36. exf4 exf4 37. h4 gxh4 38. Rd4 Rxa3 39. Rxf4
Ra2+ 40. Ke3 h3 41. g5 h2 42. Rh4 Ra3+ 43. Kf2 Ra1 44. Rxh7+ Ke6 45. Rxh2 Ra2+
46. Kg3 Rxh2 47. Kxh2 b5 48. Kg3 b4 49. f4 b3 0-1

[Event "2MCR_3DE_2LB_1S"]
[Site "?"]
[Date "2007.??.??"]
[Round "?"]
[White "Pirhala, Ladislav"]
[Black "Doudera, Lubomir"]
[Result "1-0"]
[WhiteElo "2120"]
[BlackElo "2136"]
[PlyCount "75"]
[EventDate "2007.??.??"]
[EventType "corr"]
[EventRounds "2"]
[SourceDate "2007.01.28"]

1. e4 d5 2. exd5 Qxd5 3. Nc3 Qa5 4. d4 Nf6 5. Nf3 Bg4 6. h3 Bh5 7. g4 Bg6 8.
Ne5 e6 9. h4 Bb4 10. Bd2 Nbd7 11. Nxd7 Kxd7 12. Bg2 h5 13. g5 Nd5 14. Ne2 Qa6
15. Bxb4 Nxb4 16. O-O Rad8 17. Nf4 Bxc2 18. Qd2 Qd6 19. Rac1 Ba4 20. Rc4 a5 21.
Rfc1 Bc6 22. a3 Nd5 23. Nd3 Ke8 24. Ne5 Ne7 25. Bxc6+ bxc6 26. Qxa5 f6 27. Nxc6
Nxc6 28. Rxc6 Qxd4 29. Rxe6+ Kf7 30. Re3 Rhe8 31. Qxc7+ Rd7 32. g6+ Kxg6 33.
Qg3+ Kf7 34. Rxe8 Kxe8 35. Qg6+ Kf8 36. Qxh5 Qxb2 37. Re1 Re7 38. Qc5 1-0

[Event "2MCR_3DE_2LB_3S"]
[Site "?"]
[Date "2007.??.??"]
[Round "?"]
[White "Hrdy, Tomas"]
[Black "Martinec, Jan"]
[Result "1-0"]
[WhiteElo "1600"]
[BlackElo "2000"]
[PlyCount "61"]
[EventDate "2007.??.??"]
[EventType "corr"]
[EventRounds "2"]
[SourceDate "2007.01.28"]

1. e4 c5 2. Nf3 Nc6 3. d4 cxd4 4. Nxd4 Nf6 5. Nc3 e5 6. Ndb5 d6 7. Bg5 a6 8.
Na3 b5 9. Bxf6 gxf6 10. Nd5 Bg7 11. Bd3 Ne7 12. Nxe7 Qxe7 13. O-O O-O 14. c4 f5
15. Qh5 bxc4 16. Nxc4 f4 17. Nb6 Ra7 18. Nxc8 Rxc8 19. b3 a5 20. Rac1 Rac7 21.
Rc4 Qd7 22. Rfc1 Rxc4 23. Bxc4 Rc7 24. g3 fxg3 25. hxg3 a4 26. b4 Kh8 27. Rc2
Qe7 28. b5 Rc5 29. b6 Qb7 30. Qxf7 Qxf7 31. Bxf7 1-0

[Event "2MCR_3DE_2LB_3S"]
[Site "?"]
[Date "2007.??.??"]
[Round "?"]
[White "Vokolek, Jaroslav"]
[Black "Dojcinovic, Miroslav"]
[Result "1-0"]
[WhiteElo "2000"]
[BlackElo "1605"]
[PlyCount "101"]
[EventDate "2007.??.??"]
[EventType "corr"]
[EventRounds "2"]
[SourceDate "2007.01.28"]

1. d4 d5 2. c4 e6 3. Nc3 Nf6 4. cxd5 exd5 5. Bg5 c6 6. e3 Qb6 7. Qc2 Ne4 8. Bf4
Bf5 9. Bd3 Na6 10. a3 Qa5 11. Rc1 Nxc3 12. bxc3 Bxd3 13. Qxd3 Nc7 14. Nf3 Bxa3
15. Ra1 Qb5 16. Qf5 Ne6 17. Rxa3 Nxf4 18. exf4 O-O 19. Qc2 Rfe8+ 20. Ne5 c5 21.
Kd2 cxd4 22. cxd4 Qb6 23. Ra4 Qf6 24. g3 b5 25. Ra2 Rac8 26. Qb3 a6 27. Rha1
Qf5 28. Rxa6 b4 29. Qd3 Qh3 30. Qf3 Qf5 31. Rc6 Rxc6 32. Nxc6 Qe6 33. Nxb4 Qb6
34. Nc2 Qb5 35. Qd3 Qb2 36. Ra5 Qb1 37. Qb5 Qxb5 38. Rxb5 Rd8 39. Ne3 Ra8 40.
Nxd5 h6 41. Ne7+ Kh7 42. d5 Ra2+ 43. Ke3 Ra6 44. Nc6 f6 45. Rc5 Rb6 46. d6 Rb7
47. Ne7 Rb3+ 48. Ke4 Rb7 49. Rc7 Rb8 50. d7 Rd8 51. Nc6 1-0

[Event "2MCR_3DE_2LB_3S"]
[Site "?"]
[Date "2007.??.??"]
[Round "?"]
[White "Tyrlik, Jaroslav"]
[Black "Hrdy, Tomas"]
[Result "1-0"]
[WhiteElo "2101"]
[BlackElo "1600"]
[PlyCount "89"]
[EventDate "2007.??.??"]
[EventType "corr"]
[EventRounds "2"]
[SourceDate "2007.01.28"]

1. d4 Nf6 2. Nf3 d6 3. Nc3 g6 4. e4 Bg7 5. Bf4 Nc6 6. Qe2 O-O 7. O-O-O Qe8 8.
h3 e5 9. dxe5 Nxe5 10. Nxe5 dxe5 11. Be3 Qe7 12. Qc4 Be6 13. Bc5 Bxc4 14. Bxe7
Bxf1 15. Bxf8 Bxg2 16. Bxg7 Kxg7 17. Rh2 Bxe4 18. Re1 Bf3 19. Rxe5 Rd8 20. Re3
Bc6 21. f4 Nh5 22. Rf2 h6 23. a3 Rd7 24. b3 f5 25. b4 Kf6 26. b5 Bh1 27. h4 b6
28. Rd3 Rxd3 29. cxd3 c5 30. bxc6 Bxc6 31. Kd2 Kf7 32. Ke3 Nf6 33. Kd4 Ke6 34.
Rf1 Ng4 35. Rg1 Kd6 36. Ne4+ Kc7 37. Nd2 Kd6 38. Nc4+ Ke6 39. Re1+ Kf6 40. Ne5
Ba4 41. Rg1 Bb5 42. Kd5 g5 43. Nxg4+ fxg4 44. hxg5+ hxg5 45. Rxg4 1-0

[Event "2MCR_3DE_2LB_1S"]
[Site "?"]
[Date "2007.??.??"]
[Round "?"]
[White "Doudera, Lubomir"]
[Black "Mateka, Petr"]
[Result "1/2-1/2"]
[WhiteElo "2136"]
[BlackElo "2275"]
[PlyCount "74"]
[EventDate "2007.??.??"]
[EventType "corr"]
[EventRounds "2"]
[SourceDate "2007.01.28"]

1. e4 e5 2. Nf3 Nc6 3. Bc4 Bc5 4. c3 Nf6 5. d3 d6 6. Bb3 O-O 7. O-O a6 8. h3
Be6 9. Bc2 d5 10. d4 exd4 11. e5 d3 12. Qxd3 Ne4 13. Be3 Qe7 14. Re1 Rad8 15.
Nbd2 Bf5 16. Bxc5 Qxc5 17. Nxe4 dxe4 18. Qe3 Qxe3 19. Rxe3 exf3 20. Bxf5 fxg2
21. Rae1 Rd2 22. R3e2 Rxe2 23. Rxe2 g5 24. e6 Ne7 25. exf7+ Kxf7 26. Bxh7 Nd5
27. Be4 Nf4 28. Rd2 Nxh3+ 29. Kxg2 Nf4+ 30. Kf1 b5 31. Rd7+ Kf6 32. Rxc7 Rd8
33. Ke1 Re8 34. Rc6+ Ke5 35. f3 g4 36. Rxa6 Rh8 37. Ra8 Rh1+ 1/2-1/2

[Event "2MCR_3DE_2LB_3S"]
[Site "?"]
[Date "2007.??.??"]
[Round "?"]
[White "Vokolek, Jaroslav"]
[Black "Portych, Vaclav"]
[Result "1/2-1/2"]
[WhiteElo "2000"]
[BlackElo "2147"]
[PlyCount "74"]
[EventDate "2007.??.??"]
[EventType "corr"]
[EventRounds "2"]
[SourceDate "2007.01.28"]

1. d4 Nf6 2. c4 e6 3. Nf3 b6 4. a3 Bb7 5. Nc3 d5 6. cxd5 Nxd5 7. e3 Be7 8. Bb5+
c6 9. Bd3 O-O 10. Qc2 h6 11. O-O Nxc3 12. bxc3 c5 13. Qe2 cxd4 14. cxd4 Nd7 15.
Rd1 Rc8 16. Bb2 Nf6 17. Ne5 Nd7 18. Bb5 Nf6 19. Rac1 Rxc1 20. Rxc1 Bd6 21. Nc6
Qe8 22. Na5 Qa8 23. Nxb7 Qxb7 24. g3 Qe7 25. Qd3 e5 26. d5 e4 27. Bxf6 gxf6 28.
Qd1 f5 29. a4 Rd8 30. Rc6 Qe5 31. Kg2 Kg7 32. Bc4 Qc3 33. Bf1 Qe5 34. Ba6 Rd7
35. Qd2 Rd8 36. Bc4 Qa1 37. Bb3 Rd7 1/2-1/2

[Event "2MCR_3DE_2LB_2S"]
[Site "?"]
[Date "2007.??.??"]
[Round "?"]
[White "Martinovsky, Vaclav"]
[Black "Kratochvil, Jan"]
[Result "1-0"]
[WhiteElo "2200"]
[BlackElo "1815"]
[PlyCount "177"]
[EventDate "2007.??.??"]
[EventType "corr"]
[EventRounds "2"]
[SourceDate "2007.01.28"]

1. e4 e5 2. Nf3 Nc6 3. Bc4 Nf6 4. Ng5 d5 5. exd5 Na5 6. Bb5+ Bd7 7. Qe2 Be7 8.
Nc3 O-O 9. O-O Bg4 10. Qxe5 Bd6 11. Qd4 a6 12. Be2 Bxe2 13. Nxe2 Re8 14. Nc3
Nc6 15. Qc4 Nb4 16. Qb3 Qd7 17. d3 Nbxd5 18. Nxd5 Nxd5 19. Ne4 Be5 20. Bd2 Qb5
21. Qxb5 axb5 22. Rfb1 f5 23. Ng5 Bf6 24. a3 h6 25. Nf3 g5 26. Kf1 c5 27. c3
Kf7 28. h3 g4 29. hxg4 fxg4 30. Ne1 h5 31. Nc2 h4 32. Ne3 Nxe3+ 33. Bxe3 b6 34.
Rd1 Ke6 35. d4 c4 36. Re1 Kd5 37. Bf4 Rh8 38. Kg1 Raf8 39. Bh2 Re8 40. Rad1
Rhg8 41. Bc7 Kc6 42. Be5 Bxe5 43. Rxe5 Rxe5 44. dxe5 Rg5 45. Rd6+ Kc5 46. Re6
h3 47. Re8 Kd5 48. e6 Kd6 49. Rb8 Kxe6 50. Rxb6+ Kd7 51. a4 bxa4 52. Rb4 Rc5
53. Rxa4 Kd6 54. Kh2 hxg2 55. Kxg2 Rc8 56. Kg3 Kc5 57. Kxg4 Rg8+ 58. Kf3 Rf8+
59. Ke2 Re8+ 60. Kf1 Rb8 61. Ra2 Kd5 62. f3 Ke5 63. Ra4 Kd5 64. Rb4 Re8 65. Kf2
Rc8 66. Rb5+ Kc6 67. Re5 Rd8 68. Ke2 Rh8 69. Ke3 Rh1 70. Kd4 Rh2 71. Kxc4 Rxb2
72. f4 Rd2 73. f5 Rf2 74. Kd4 Rf4+ 75. Ke3 Rf1 76. Ke4 Kd6 77. Rd5+ Ke7 78. c4
Re1+ 79. Kd4 Rb1 80. c5 Rc1 81. Rd6 Kf7 82. Kd5 Rf1 83. f6 Rc1 84. Kc6 Ke8 85.
Kb6 Rb1+ 86. Kc7 Rb5 87. c6 Rc5 88. Kb6 Rc2 89. c7 1-0

[Event "2MCR_3DE_2LB_2S"]
[Site "?"]
[Date "2007.??.??"]
[Round "?"]
[White "Kratochvil, Jan"]
[Black "Pensimus, Petr"]
[Result "1-0"]
[WhiteElo "1815"]
[BlackElo "1848"]
[PlyCount "71"]
[EventDate "2007.??.??"]
[EventType "corr"]
[EventRounds "2"]
[SourceDate "2007.01.28"]

1. d4 Nf6 2. c4 e6 3. Nf3 Bb4+ 4. Bd2 a5 5. g3 d6 6. Bg2 Nbd7 7. O-O e5 8. e3
Bxd2 9. Qxd2 c6 10. Nc3 O-O 11. e4 Nb6 12. b3 Qc7 13. h3 Re8 14. Rad1 a4 15.
dxe5 Nxe4 16. Nxe4 d5 17. Nd6 Re7 18. Rfe1 axb3 19. axb3 h6 20. c5 Nd7 21. Ra1
Qb8 22. Rxa8 Qxa8 23. Qc3 Qb8 24. Qa5 b6 25. cxb6 Nxb6 26. Nd4 Rc7 27. Rc1 Bd7
28. Qc5 Na8 29. Ra1 Nb6 30. Ra6 Nc8 31. Nxc6 Bxc6 32. Rxc6 Rxc6 33. Qxc6 Ne7
34. Qd7 Qf8 35. b4 d4 36. Be4 1-0

[Event "2MCR_3DE_2LB_3S"]
[Site "?"]
[Date "2007.??.??"]
[Round "?"]
[White "Dojcinovic, Miroslav"]
[Black "Vokolek, Jaroslav"]
[Result "0-1"]
[WhiteElo "1605"]
[BlackElo "2000"]
[PlyCount "104"]
[EventDate "2007.??.??"]
[EventType "corr"]
[EventRounds "2"]
[SourceDate "2007.01.28"]

1. e4 c5 2. Nf3 Nc6 3. d4 cxd4 4. Nxd4 g6 5. c4 Nf6 6. Nc3 d6 7. Be2 Nxe4 8.
Nxe4 Bg7 9. Be3 f5 10. Nc3 Bd7 11. Nf3 h6 12. O-O g5 13. Qd5 Qc8 14. Nb5 g4 15.
Nh4 a6 16. Ng6 axb5 17. Nxh8 Be6 18. Qd2 Bxh8 19. cxb5 Ne5 20. Rfc1 Qd7 21. Bb6
Rc8 22. Rxc8+ Qxc8 23. Rc1 Qa8 24. Qxh6 Bf6 25. Rc8+ Qxc8 26. Bf1 Qc2 27. b3
Qxa2 28. Qh5+ Nf7 29. Qg6 Kf8 30. Be3 Qxb3 31. Bh6+ Nxh6 32. Qxh6+ Kf7 33. Qc1
Bd5 34. Qe3 Qxe3 35. fxe3 e5 36. Kf2 Bh4+ 37. g3 Bd8 38. h3 gxh3 39. Bxh3 Kf6
40. Bf1 Bb6 41. Bd3 f4 42. gxf4 exf4 43. Ke2 Bxe3 44. Kd1 f3 45. Kc2 Ke5 46.
Kc3 Be4 47. Bf1 d5 48. b6 d4+ 49. Kc4 f2 50. Be2 d3 51. Bxd3 Bxd3+ 52. Kxd3
f1=Q+ 0-1

[Event "2MCR_3DE_2LB_3S"]
[Site "?"]
[Date "2007.??.??"]
[Round "?"]
[White "Tyrlik, Jaroslav"]
[Black "Portych, Vaclav"]
[Result "1/2-1/2"]
[WhiteElo "2101"]
[BlackElo "2147"]
[PlyCount "71"]
[EventDate "2007.??.??"]
[EventType "corr"]
[EventRounds "2"]
[SourceDate "2007.01.28"]

1. d4 Nf6 2. Nf3 e6 3. Bg5 c5 4. Nc3 d5 5. e4 dxe4 6. Nxe4 cxd4 7. Bxf6 gxf6 8.
Qxd4 Qxd4 9. Nxd4 f5 10. Nd2 Bd7 11. Nb5 Bxb5 12. Bxb5+ Nd7 13. Bxd7+ Kxd7 14.
Rd1 Ke7 15. c3 Rd8 16. Ke2 Bg7 17. Nb3 b6 18. a4 Rc8 19. Rd2 Rhd8 20. Rhd1 e5
21. Rxd8 Rxd8 22. Rxd8 Kxd8 23. g3 Kd7 24. Na1 Bh6 25. Nc2 f4 26. g4 Ke6 27.
Na3 e4 28. f3 e3 29. Nb5 a5 30. Nd4+ Kd5 31. Nf5 Bg5 32. h4 Bf6 33. Kd3 Ke6 34.
h5 Be5 35. b3 Bf6 36. b4 1/2-1/2

[Event "2MCR_3DE_2LB_3S"]
[Site "?"]
[Date "2007.??.??"]
[Round "?"]
[White "Dojcinovic, Miroslav"]
[Black "Martinec, Jan"]
[Result "1-0"]
[WhiteElo "1605"]
[BlackElo "2000"]
[PlyCount "63"]
[EventDate "2007.??.??"]
[EventType "corr"]
[EventRounds "2"]
[SourceDate "2007.01.28"]

1. d4 Nf6 2. c4 g6 3. Nf3 Bg7 4. Nc3 d6 5. e4 O-O 6. Bd3 Nbd7 7. O-O c5 8. Bg5
h6 9. Be3 cxd4 10. Bxd4 e5 11. Be3 Ng4 12. Qd2 Nxe3 13. fxe3 Nc5 14. Be2 Qb6
15. Nd5 Qd8 16. Qc2 Be6 17. Rad1 f5 18. exf5 Bxf5 19. Qd2 Qd7 20. Nh4 Ne4 21.
Qc2 Qd8 22. Nxf5 gxf5 23. Bg4 Ng3 24. hxg3 fxg4 25. Qe4 Qd7 26. Qg6 Kh8 27. Nf6
Rxf6 28. Rxf6 Bxf6 29. Qxh6+ Kg8 30. Qxf6 Rf8 31. Qg6+ Qg7 32. Rxd6 1-0

[Event "2MCR_3DE_2LB_3S"]
[Site "?"]
[Date "2007.??.??"]
[Round "?"]
[White "Portych, Vaclav"]
[Black "Martinec, Jan"]
[Result "1-0"]
[WhiteElo "2147"]
[BlackElo "2000"]
[PlyCount "59"]
[EventDate "2007.??.??"]
[EventType "corr"]
[EventRounds "2"]
[SourceDate "2007.01.28"]

1. c4 Nf6 2. Nc3 g6 3. Nf3 Bg7 4. d4 O-O 5. e4 d6 6. Be2 e5 7. O-O Nc6 8. d5
Ne7 9. b4 a5 10. Ba3 axb4 11. Bxb4 b6 12. a4 Ne8 13. Nb5 f5 14. Nd2 Nf6 15. a5
bxa5 16. Rxa5 Rb8 17. Ra7 Ne8 18. Ba5 Bb7 19. Nxc7 Nxc7 20. Qb3 Qc8 21. Rb1
fxe4 22. Rxb7 Rxb7 23. Qxb7 e3 24. Qxc7 Qxc7 25. Bxc7 exd2 26. Bxd6 Re8 27. c5
Nf5 28. Bc7 Nd4 29. Bc4 Kh8 30. Rd1 1-0

[Event "2MCR_3DE_2LB_2S"]
[Site "?"]
[Date "2007.??.??"]
[Round "?"]
[White "Pensimus, Petr"]
[Black "Kratochvil, Jan"]
[Result "0-1"]
[WhiteElo "1848"]
[BlackElo "1815"]
[PlyCount "74"]
[EventDate "2007.??.??"]
[EventType "corr"]
[EventRounds "2"]
[SourceDate "2007.01.28"]

1. Nf3 Nf6 2. d4 c5 3. d5 g6 4. Nc3 d6 5. e4 Bg7 6. Be2 Na6 7. Nd2 O-O 8. O-O
Nc7 9. Nb3 b5 10. a3 a5 11. Nxb5 Nxe4 12. a4 Nf6 13. Bf3 c4 14. Nd2 Nxb5 15.
axb5 Bd7 16. Nxc4 Bxb5 17. Be2 Qb8 18. Ne3 Rc8 19. c4 Bd7 20. Qc2 a4 21. Re1
Qb6 22. Bd2 Qd4 23. Bc3 Qh4 24. g3 Qh6 25. f4 Re8 26. Bf3 Rab8 27. Qg2 Bh3 28.
Qe2 Bd7 29. Ra3 Kh8 30. Rb1 g5 31. f5 g4 32. Nxg4 Nxg4 33. Bxg4 Bxc3 34. Rxc3
Qf6 35. Kf2 Bxf5 36. Bxf5 Qxf5+ 37. Kg1 Qxb1+ 0-1

[Event "2MCR_3DE_2LB_2S"]
[Site "?"]
[Date "2007.??.??"]
[Round "?"]
[White "Pensimus, Petr"]
[Black "Martinovsky, Vaclav"]
[Result "0-1"]
[WhiteElo "1848"]
[BlackElo "2200"]
[PlyCount "76"]
[EventDate "2007.??.??"]
[EventType "corr"]
[EventRounds "2"]
[SourceDate "2007.01.28"]

1. e4 c5 2. Nf3 d6 3. Bb5+ Nd7 4. d4 Ngf6 5. Nc3 a6 6. Bxd7+ Nxd7 7. Be3 e6 8.
O-O b5 9. dxc5 dxc5 10. Qd3 Qc7 11. Rfd1 Be7 12. a4 b4 13. Ne2 Bb7 14. Bf4 Qc6
15. Ng3 Rd8 16. Qf1 h5 17. h4 O-O 18. Nxh5 Qxe4 19. Bc7 Qxc2 20. Rd2 Qg6 21.
Bxd8 Rxd8 22. Qd1 Bc6 23. Ng3 Qf6 24. Ng5 Qf4 25. Qh5 Nf8 26. Rxd8 Bxd8 27. Rd1
Bc7 28. Nh3 Qe5 29. Ng5 g6 30. Qe2 Qxe2 31. Nxe2 Bxa4 32. Rd2 Bc6 33. Rc2 Nd7
34. Ng3 b3 35. Rd2 Bf4 36. Rd1 Be5 37. Rd2 a5 38. Nf3 Bxf3 0-1

[Event "2MCR_3DE_2LB_3S"]
[Site "?"]
[Date "2007.??.??"]
[Round "?"]
[White "Vokolek, Jaroslav"]
[Black "Hrdy, Tomas"]
[Result "1-0"]
[WhiteElo "2000"]
[BlackElo "1600"]
[PlyCount "89"]
[EventDate "2007.??.??"]
[EventType "corr"]
[EventRounds "2"]
[SourceDate "2007.01.28"]

1. d4 Nf6 2. c4 d6 3. Nf3 g6 4. Nc3 Bg7 5. Bf4 O-O 6. h3 a6 7. e3 c5 8. dxc5
dxc5 9. Qxd8 Rxd8 10. Bc7 Re8 11. O-O-O h6 12. Na4 Nbd7 13. Nd2 b5 14. cxb5
axb5 15. Bxb5 Nd5 16. Bh2 Ra5 17. Nc4 Rxb5 18. Rxd5 Rb4 19. b3 Nf6 20. Rxc5 Ne4
21. Rc7 Nxf2 22. Rf1 Ne4 23. Nc5 Nxc5 24. Rxc5 Be6 25. Rf2 Bxc4 26. Rxc4 Rxc4+
27. bxc4 Rc8 28. Rc2 f5 29. a4 Rc5 30. Kd2 Kf7 31. Ra2 Ra5 32. Kd3 Ke6 33. Bc7
Ra6 34. a5 Kd7 35. Bb6 Kc6 36. e4 fxe4+ 37. Kxe4 Bc3 38. Kd3 Be1 39. Ke4 Bc3
40. g4 Ra8 41. Be3 Rxa5 42. Rxa5 Bxa5 43. Bxh6 Kc5 44. Bg5 Kxc4 45. Bxe7 1-0